[Event "Muensterland Regionalliga 2526"]
[Site "Germany"]
[Date "2026.01.10"]
[Round "5"]
[Board "2"]
[White "Bruemmer, Andreas"]
[Black "Bartsch, Jan"]
[Result "1/2-1/2"]
[WhiteElo "1953"]
[BlackElo "1883"]
[WhiteFideId "-1"]
[BlackFideId "-1"]
[PlyCount "109"]
[GameId "2264888346947378"]
[EventDate "2025.??.??"]
[EventType "team-tourn"]
[EventRounds "9"]
[EventCountry "GER"]
[SourceTitle "Verband Muensterland"]
[SourceDate "2025.09.21"]
[SourceVersion "1"]
[SourceVersionDate "2025.09.21"]
[SourceQuality "1"]
[WhiteTeam "Rheine Klein Berlin"]
[BlackTeam "Saerbeck"]
[WhiteTeamCountry "GER"]
[BlackTeamCountry "GER"]

1. d4 d5 2. c4 e6 3. Nc3 Nf6 4. cxd5 exd5 5. Bg5 c6 6. e3 h6 7. Bh4 Be7 8. Bd3 O-O 9. Qc2 Re8 10. Nge2 Ne4 11. Bxe7 Qxe7 12. Bxe4 dxe4 13. Ng3 f5 14. O-O Na6 15. f3 Nb4 16. Qd2 f4 17. Ngxe4 fxe3 18. Qe2 b6 19. Rfc1 Nd5 20. Qc4 Bb7 21. a3 Kh8 22. Re1 a5 23. Qb3 Nxc3 24. Qxc3 c5 25. Rxe3 Bxe4 26. Rxe4 cxd4 27. Qxd4 Qc7 28. Rae1 Rxe4 29. fxe4 Rd8 30. Qe3 Re8 31. e5 Re6 32. h3 Qc6 33. Kh2 Qd5 34. h4 Qb5 35. Qe4 Qe8 36. Qd5 Qe7 37. Kh3 Qe8 38. Re3 Qe7 39. Qe4 Qe8 40. Qf5 Qe7 41. g4 Rf6 42. Qe4 Re6 43. Rc3 Qf8 44. Rf3 Qe7 45. Re3 Qe8 46. g5 Qd7 47. Kg3 hxg5 48. hxg5 Qd1 49. Re1 Qb3+ 50. Kg4 Kg8 51. g6 Qb5 52. Qa8+ Re8 53. Qb7 Qc4+ 54. Kg5 Qb3 55. Qf7+ 1/2-1/2

[Event "Muensterland Regionalliga 2526"]
[Site "Germany"]
[Date "2026.01.10"]
[Round "5"]
[Board "3"]
[White "Waltermann, Jens"]
[Black "Langhans, Joerg"]
[Result "1/2-1/2"]
[WhiteElo "1812"]
[BlackElo "1949"]
[WhiteFideId "-1"]
[BlackFideId "-1"]
[PlyCount "46"]
[GameId "2265198550589469"]
[EventDate "2025.??.??"]
[EventType "team-tourn"]
[EventRounds "9"]
[EventCountry "GER"]
[SourceTitle "Verband Muensterland"]
[SourceDate "2025.09.21"]
[SourceVersion "1"]
[SourceVersionDate "2025.09.21"]
[SourceQuality "1"]
[WhiteTeam "Saerbeck"]
[BlackTeam "Rheine Klein Berlin"]
[WhiteTeamCountry "GER"]
[BlackTeamCountry "GER"]

1. Nf3 d5 2. g3 Nf6 3. Bg2 c6 4. d4 Bg4 5. h3 Bxf3 6. Bxf3 e6 7. c3 Bd6 8. Nd2 Nbd7 9. e4 dxe4 10. Nxe4 Nxe4 11. Bxe4 Nf6 12. Bg2 Qb6 13. Qb3 O-O 14. O-O h6 15. Be3 Qxb3 16. axb3 a6 17. g4 Rfe8 18. Rfe1 Rad8 19. Re2 Nd5 20. Bd2 Kf8 21. Rae1 Nf4 22. Bxf4 Bxf4 23. b4 g5 1/2-1/2

[Event "Muensterland Regionalliga 2526"]
[Site "Germany"]
[Date "2026.01.10"]
[Round "5"]
[Board "4"]
[White "Langhanke, Guenther"]
[Black "Hoge, Reinhard"]
[Result "1/2-1/2"]
[WhiteElo "1868"]
[BlackElo "1854"]
[WhiteFideId "-1"]
[BlackFideId "-1"]
[PlyCount "39"]
[GameId "2265199116693542"]
[EventDate "2025.??.??"]
[EventType "team-tourn"]
[EventRounds "9"]
[EventCountry "GER"]
[SourceTitle "Verband Muensterland"]
[SourceDate "2025.09.21"]
[SourceVersion "1"]
[SourceVersionDate "2025.09.21"]
[SourceQuality "1"]
[WhiteTeam "Rheine Klein Berlin"]
[BlackTeam "Saerbeck"]
[WhiteTeamCountry "GER"]
[BlackTeamCountry "GER"]

1. e4 c5 2. Nc3 Nc6 3. Bb5 Nd4 4. Bc4 a6 5. a4 g6 6. Nf3 Bg7 7. O-O e6 8. d3 Ne7 9. Nxd4 cxd4 10. Ne2 d5 11. exd5 Nxd5 12. Nf4 O-O 13. Qf3 Nxf4 14. Bxf4 e5 15. Bd2 Qc7 16. Bb4 Re8 17. Bd6 Qd7 18. Bc5 Qc7 19. Bb6 Qe7 20. Bc5 1/2-1/2

[Event "Muensterland Regionalliga 2526"]
[Site "Germany"]
[Date "2026.01.10"]
[Round "5"]
[Board "5"]
[White "Bartsch, Rainer"]
[Black "Ratert, Matthias"]
[Result "1/2-1/2"]
[WhiteElo "1663"]
[BlackElo "1864"]
[WhiteFideId "-1"]
[BlackFideId "-1"]
[PlyCount "24"]
[GameId "2265200000995379"]
[EventDate "2025.??.??"]
[EventType "team-tourn"]
[EventRounds "9"]
[EventCountry "GER"]
[SourceTitle "Verband Muensterland"]
[SourceDate "2025.09.21"]
[SourceVersion "1"]
[SourceVersionDate "2025.09.21"]
[SourceQuality "1"]
[WhiteTeam "Saerbeck"]
[BlackTeam "Rheine Klein Berlin"]
[WhiteTeamCountry "GER"]
[BlackTeamCountry "GER"]

1. d4 Nf6 2. Nc3 d5 3. Bf4 c5 4. e3 cxd4 5. exd4 Bf5 6. Nb5 Na6 7. c3 Ne4 8. Nf3 f6 9. h4 Qb6 10. Be2 e6 11. a4 Bd6 12. a5 Qc6 1/2-1/2

[Event "Muensterland Regionalliga 2526"]
[Site "Germany"]
[Date "2026.01.10"]
[Round "5"]
[Board "6"]
[White "Van Dijk, Guido"]
[Black "Bloemker, Stephan"]
[Result "1-0"]
[WhiteElo "1816"]
[BlackElo "1554"]
[WhiteFideId "-1"]
[BlackFideId "-1"]
[PlyCount "33"]
[GameId "2265200739483753"]
[EventDate "2025.??.??"]
[EventType "team-tourn"]
[EventRounds "9"]
[EventCountry "GER"]
[SourceTitle "Verband Muensterland"]
[SourceDate "2025.09.21"]
[SourceVersion "1"]
[SourceVersionDate "2025.09.21"]
[SourceQuality "1"]
[WhiteTeam "Rheine Klein Berlin"]
[BlackTeam "Saerbeck"]
[WhiteTeamCountry "GER"]
[BlackTeamCountry "GER"]

1. e4 c5 2. Nf3 Nf6 3. e5 Nd5 4. c3 Nc6 5. d4 cxd4 6. cxd4 d6 7. exd6 Qxd6 8. Nc3 g6 9. Be2 Bg7 10. O-O Bg4 11. h3 Bxf3 12. Bxf3 e6 13. Bxd5 exd5 14. Re1+ Ne7 15. Qe2 Bf6 16. Bh6 Qe6 17. Qf3 1-0

[Event "Muensterland Regionalliga 2526"]
[Site "Germany"]
[Date "2026.01.10"]
[Round "5"]
[Board "7"]
[White "Menz, Robert"]
[Black "Germann, Norbert"]
[Result "0-1"]
[WhiteElo "1650"]
[BlackElo "1777"]
[WhiteFideId "-1"]
[BlackFideId "-1"]
[PlyCount "80"]
[GameId "2265201741512829"]
[EventDate "2025.??.??"]
[EventType "team-tourn"]
[EventRounds "9"]
[EventCountry "GER"]
[SourceTitle "Verband Muensterland"]
[SourceDate "2025.09.21"]
[SourceVersion "1"]
[SourceVersionDate "2025.09.21"]
[SourceQuality "1"]
[WhiteTeam "Saerbeck"]
[BlackTeam "Rheine Klein Berlin"]
[WhiteTeamCountry "GER"]
[BlackTeamCountry "GER"]

1. d4 Nf6 2. c4 g6 3. Nc3 d5 4. cxd5 Nxd5 5. e4 Nxc3 6. bxc3 Bg7 7. Bc4 c5 8. Ne2 Nc6 9. Be3 O-O 10. O-O Bd7 11. Rb1 Rc8 12. Bd5 e6 13. Bb3 cxd4 14. cxd4 Na5 15. Qd2 Nxb3 16. axb3 Bc6 17. f3 b6 18. Nc3 Qd7 19. Rfd1 Rfd8 20. e5 Rc7 21. Ne4 Bxe4 22. fxe4 Qc8 23. Bg5 Rdd7 24. Bf6 Rc2 25. Qf4 Qc3 26. d5 Qc5+ 27. Kh1 Bxf6 28. exf6 exd5 29. Qe5 Rd8 30. exd5 Qf2 31. Qg5 h6 32. Qg4 Qxf6 33. Rf1 Rf2 34. Rfe1 Rd2 35. Rf1 Qd6 36. Qf3 Qxd5 37. Qh3 Rd1 38. Qg4 Rxb1 39. Rxb1 Qd3 40. h3 Qxb1+ 0-1

[Event "Muensterland Regionalliga 2526"]
[Site "Germany"]
[Date "2026.01.10"]
[Round "5"]
[Board "1"]
[White "Tuente, Marcel"]
[Black "Schroer, Klaus"]
[Result "1-0"]
[WhiteElo "1953"]
[BlackElo "2095"]
[WhiteFideId "-1"]
[BlackFideId "-1"]
[PlyCount "71"]
[GameId "2269795094104375"]
[EventDate "2025.??.??"]
[EventType "team-tourn"]
[EventRounds "9"]
[EventCountry "GER"]
[SourceTitle "Verband Muensterland"]
[SourceDate "2025.09.21"]
[SourceVersion "1"]
[SourceVersionDate "2025.09.21"]
[SourceQuality "1"]
[WhiteTeam "Raesfeld Erle II"]
[BlackTeam "Borken"]
[WhiteTeamCountry "GER"]
[BlackTeamCountry "GER"]

1. e4 Nc6 2. Nc3 e5 3. Nf3 Nf6 4. Bb5 Bb4 5. O-O d6 6. d3 Bg4 7. h3 Bd7 8. a3 Bxc3 9. bxc3 Na5 10. Bxd7+ Qxd7 11. Rb1 b6 12. Re1 h6 13. d4 Qe7 14. Qd3 c5 15. Nh4 g6 16. g3 Nh5 17. Kg2 Kf8 18. d5 Re8 19. Qf3 Qf6 20. Qg4 Ng7 21. Re3 Kg8 22. Qe2 Kh7 23. Rf3 Qe7 24. c4 Rhf8 25. Qe3 g5 26. Nf5 Nxf5 27. Rxf5 Nxc4 28. Qe2 Na5 29. Bd2 Nb7 30. h4 f6 31. Rh1 g4 32. Rh5 f5 33. Rxh6+ Kg8 34. exf5 Rf7 35. Qxg4+ Rg7 36. Qh5 1-0

[Event "Muensterland Regionalliga 2526"]
[Site "Germany"]
[Date "2026.01.10"]
[Round "5"]
[Board "2"]
[White "Schulze Schwering, Philipp"]
[Black "Broemmel, Rudolf"]
[Result "1-0"]
[WhiteElo "2018"]
[BlackElo "1910"]
[WhiteFideId "-1"]
[BlackFideId "-1"]
[PlyCount "111"]
[GameId "2269795094104377"]
[EventDate "2025.??.??"]
[EventType "team-tourn"]
[EventRounds "9"]
[EventCountry "GER"]
[SourceTitle "Verband Muensterland"]
[SourceDate "2025.09.21"]
[SourceVersion "1"]
[SourceVersionDate "2025.09.21"]
[SourceQuality "1"]
[WhiteTeam "Borken"]
[BlackTeam "Raesfeld Erle II"]
[WhiteTeamCountry "GER"]
[BlackTeamCountry "GER"]

1. d4 Nc6 2. Nf3 d5 3. g3 Bg4 4. Bg2 Qd7 5. O-O Bh3 6. c4 Bxg2 7. Kxg2 e6 8. b3 O-O-O 9. Bb2 Nf6 10. e3 Ne4 11. Nc3 Nxc3 12. Bxc3 f6 13. h4 Qf7 14. Qe2 Qg6 15. Rac1 Qe4 16. Qc2 Ba3 17. Bb2 Bxb2 18. Qxb2 Nb4 19. Qb1 Qxb1 20. Rxb1 Nxa2 21. Ra1 Nb4 22. Rxa7 Na6 23. Ra8+ Kd7 24. Rxd8+ Rxd8 25. Ra1 c6 26. Ra4 Ra8 27. c5 Nc7 28. Rxa8 Nxa8 29. Ne1 e5 30. Nd3 Ke6 31. g4 Nc7 32. Nb4 Nb5 33. Nc2 e4 34. b4 Nc3 35. Na3 g5 36. hxg5 fxg5 37. Kf1 Kf6 38. Ke1 Kg6 39. Kd2 Na4 40. b5 cxb5 41. Nxb5 h5 42. gxh5+ Kxh5 43. Nd6 Nb2 44. Nxb7 Nc4+ 45. Ke2 Kg6 46. c6 Nb6 47. Nd6 Na8 48. Nb5 Nb6 49. c7 Nc8 50. Nc3 Kf5 51. Nxd5 g4 52. Nc3 Nd6 53. Nb5 Nc8 54. d5 Ke5 55. d6 Ke6 56. Kd2 1-0

[Event "Muensterland Regionalliga 2526"]
[Site "Germany"]
[Date "2026.01.10"]
[Round "5"]
[Board "3"]
[White "Terhart, Juergen"]
[Black "Beckmann, David"]
[Result "1/2-1/2"]
[WhiteElo "1851"]
[BlackElo "2029"]
[WhiteFideId "-1"]
[BlackFideId "-1"]
[PlyCount "98"]
[GameId "2269795094169915"]
[EventDate "2025.??.??"]
[EventType "team-tourn"]
[EventRounds "9"]
[EventCountry "GER"]
[SourceTitle "Verband Muensterland"]
[SourceDate "2025.09.21"]
[SourceVersion "1"]
[SourceVersionDate "2025.09.21"]
[SourceQuality "1"]
[WhiteTeam "Raesfeld Erle II"]
[BlackTeam "Borken"]
[WhiteTeamCountry "GER"]
[BlackTeamCountry "GER"]

1. d4 Nf6 2. Bf4 c5 3. e3 Qb6 4. Nc3 a6 5. a3 cxd4 6. exd4 d5 7. h3 g6 8. Nf3 Bg7 9. Be2 O-O 10. O-O Qd8 11. Bd3 Nc6 12. Ne2 Nh5 13. Bg5 h6 14. Bd2 b5 15. c3 Na5 16. Nf4 Nxf4 17. Bxf4 Nc4 18. Qe2 Bb7 19. Rfe1 e6 20. Ne5 Nxe5 21. Bxe5 Qg5 22. Bxg7 Kxg7 23. a4 bxa4 24. Rxa4 a5 25. Rea1 Qd8 26. Qe5+ Kg8 27. Qf4 Kg7 28. Qe5+ Kh7 29. g3 Bc6 30. R4a3 Qb8 31. Rxa5 Qxb2 32. Qe1 Rxa5 33. Rxa5 Rb8 34. Ra7 Rb7 35. Rxb7 Qxb7 36. Qb1 Qxb1+ 37. Bxb1 Bb5 38. f4 Kg7 39. Kf2 Kf6 40. Bc2 g5 41. fxg5+ Kxg5 42. h4+ Kf6 43. Ke3 e5 44. dxe5+ Kxe5 45. Bd1 f5 46. Bf3 Bf1 47. Bd1 Bg2 48. Be2 Be4 49. Bd1 Bg2 1/2-1/2

[Event "Muensterland Regionalliga 2526"]
[Site "Germany"]
[Date "2026.01.10"]
[Round "5"]
[Board "4"]
[White "Boldrick, Marcel"]
[Black "Hoffmann, Fabian"]
[Result "1-0"]
[WhiteElo "1864"]
[BlackElo "2009"]
[WhiteFideId "-1"]
[BlackFideId "-1"]
[PlyCount "31"]
[GameId "2269795094182205"]
[EventDate "2025.??.??"]
[EventType "team-tourn"]
[EventRounds "9"]
[EventCountry "GER"]
[SourceTitle "Verband Muensterland"]
[SourceDate "2025.09.21"]
[SourceVersion "1"]
[SourceVersionDate "2025.09.21"]
[SourceQuality "1"]
[WhiteTeam "Borken"]
[BlackTeam "Raesfeld Erle II"]
[WhiteTeamCountry "GER"]
[BlackTeamCountry "GER"]

1. e4 c6 2. d4 d5 3. Nc3 e6 4. e5 c5 5. dxc5 Bxc5 6. Qg4 g6 7. Bg5 Qb6 8. Nxd5 Qxb2 9. Rd1 Qxe5+ 10. Be2 h5 11. Qc4 Na6 12. Nf3 Qb8 13. Nf6+ Nxf6 14. Bxf6 O-O 15. Be5 b5 16. Qf4 1-0

[Event "Muensterland Regionalliga 2526"]
[Site "Germany"]
[Date "2026.01.10"]
[Round "5"]
[Board "5"]
[White "Bergemann, Martin"]
[Black "Farwick, Christian"]
[Result "1-0"]
[WhiteElo "1891"]
[BlackElo "1851"]
[WhiteFideId "-1"]
[BlackFideId "-1"]
[PlyCount "91"]
[GameId "2269795094190399"]
[EventDate "2025.??.??"]
[EventType "team-tourn"]
[EventRounds "9"]
[EventCountry "GER"]
[SourceTitle "Verband Muensterland"]
[SourceDate "2025.09.21"]
[SourceVersion "1"]
[SourceVersionDate "2025.09.21"]
[SourceQuality "1"]
[WhiteTeam "Raesfeld Erle II"]
[BlackTeam "Borken"]
[WhiteTeamCountry "GER"]
[BlackTeamCountry "GER"]

1. d4 Nf6 2. Nf3 d5 3. c4 e6 4. Qc2 Nbd7 5. Nbd2 Be7 6. g3 c6 7. Bg2 Qa5 8. O-O O-O 9. a3 dxc4 10. Nxc4 Qh5 11. b4 Rd8 12. Bb2 Qg6 13. Qb3 h5 14. Rad1 Ng4 15. h3 Nh6 16. Nce5 Qh7 17. Bc1 Nxe5 18. dxe5 Bd7 19. Bg5 Bxg5 20. Nxg5 Qg6 21. h4 f5 22. Rd3 Kf8 23. Rfd1 Ke7 24. Qc3 Nf7 25. Qc5+ Ke8 26. Nxf7 Qxf7 27. Rd6 Qe7 28. Bf3 g6 29. Qe3 Qg7 30. Qd2 Rac8 31. e4 f4 32. Qxf4 Rc7 33. Qg5 Qf7 34. Kg2 Rdc8 35. g4 hxg4 36. Bxg4 a5 37. Bxe6 Qxe6 38. Rxe6+ Bxe6 39. Qf6 Bg8 40. e6 axb4 41. axb4 Re7 42. Qxg6+ Kf8 43. Qf6+ Ke8 44. Rd6 Rcc7 45. Qg6+ Kf8 46. Rd8+ 1-0

[Event "Muensterland Regionalliga 2526"]
[Site "Germany"]
[Date "2026.01.10"]
[Round "5"]
[Board "6"]
[White "Schmidt, Sebastian"]
[Black "Boelker, Franz"]
[Result "0-1"]
[WhiteElo "1754"]
[BlackElo "1805"]
[WhiteFideId "-1"]
[BlackFideId "-1"]
[PlyCount "66"]
[GameId "2269795094198593"]
[EventDate "2025.??.??"]
[EventType "team-tourn"]
[EventRounds "9"]
[EventCountry "GER"]
[SourceTitle "Verband Muensterland"]
[SourceDate "2025.09.21"]
[SourceVersion "1"]
[SourceVersionDate "2025.09.21"]
[SourceQuality "1"]
[WhiteTeam "Borken"]
[BlackTeam "Raesfeld Erle II"]
[WhiteTeamCountry "GER"]
[BlackTeamCountry "GER"]

1. e4 c5 2. Nf3 d6 3. d4 cxd4 4. Nxd4 Nf6 5. Nc3 a6 6. Be2 e6 7. O-O Be7 8. Be3 Nbd7 9. a4 Qc7 10. Qd2 b6 11. f4 Bb7 12. Bf3 Nc5 13. e5 dxe5 14. fxe5 Nfe4 15. Nxe4 Nxe4 16. Bxe4 Bxe4 17. Qf2 O-O 18. Nf3 Bxf3 19. Bxb6 Qxe5 20. Bd4 Qf5 21. Qg3 Bf6 22. Bxf6 Qxf6 23. c3 Qd8 24. Qxf3 Rb8 25. b4 Qc7 26. Rad1 Rbc8 27. Rd3 Qc4 28. Rfd1 a5 29. Qb7 h6 30. Qb6 Qb3 31. bxa5 Qxa4 32. Rd8 Kh7 33. Rxf8 Qxd1+ 0-1

[Event "Muensterland Regionalliga 2526"]
[Site "Germany"]
[Date "2026.01.10"]
[Round "5"]
[Board "7"]
[White "Broemmel, Chris"]
[Black "Klueppel, Ralf"]
[Result "1-0"]
[WhiteElo "1827"]
[BlackElo "1735"]
[WhiteFideId "-1"]
[BlackFideId "-1"]
[PlyCount "97"]
[GameId "2269795094198595"]
[EventDate "2025.??.??"]
[EventType "team-tourn"]
[EventRounds "9"]
[EventCountry "GER"]
[SourceTitle "Verband Muensterland"]
[SourceDate "2025.09.21"]
[SourceVersion "1"]
[SourceVersionDate "2025.09.21"]
[SourceQuality "1"]
[WhiteTeam "Raesfeld Erle II"]
[BlackTeam "Borken"]
[WhiteTeamCountry "GER"]
[BlackTeamCountry "GER"]

1. e4 c6 2. b3 d5 3. Bb2 dxe4 4. Nc3 Nf6 5. Qe2 Bg4 6. Qe3 Bf5 7. h3 h5 8. g3 e6 9. Bg2 Nd5 10. Qe2 Nf6 11. Nxe4 Nxe4 12. Bxe4 Bxe4 13. Qxe4 Qd5 14. f3 Nd7 15. O-O-O O-O-O 16. Ne2 Nf6 17. Qe3 Qa5 18. a4 Nd5 19. Qe5 Qc7 20. Qe4 Qd7 21. g4 Nf6 22. Qe3 b6 23. g5 Nd5 24. Qe4 Rg8 25. Qh7 Be7 26. Qxh5 Nb4 27. f4 Nxc2 28. Kxc2 Qd3+ 29. Kc1 Qxb3 30. Rdf1 Ba3 31. Bxa3 Qxa3+ 32. Kd1 Qxa4+ 33. Ke1 Qc2 34. Qxf7 Qxd2+ 35. Kf2 Qd5 36. Qxa7 Qc5+ 37. Kg2 Qe3 38. Qa6+ Kc7 39. Qa7+ Kc8 40. Rf2 Qe4+ 41. Kh2 Qe3 42. Rhf1 Rh8 43. Ng3 Rd2 44. Kg2 Rxf2+ 45. Rxf2 Rxh3 46. Kxh3 Qxf2 47. Qxg7 Qxf4 48. Qg8+ Kd7 49. g6 1-0

[Event "Muensterland Regionalliga 2526"]
[Site "Germany"]
[Date "2026.01.10"]
[Round "5"]
[Board "8"]
[White "Heisterkamp, Tom"]
[Black "Ridder, David"]
[Result "0-1"]
[WhiteElo "1464"]
[BlackElo "1706"]
[WhiteFideId "-1"]
[BlackFideId "-1"]
[PlyCount "44"]
[GameId "2269795094206789"]
[EventDate "2025.??.??"]
[EventType "team-tourn"]
[EventRounds "9"]
[EventCountry "GER"]
[SourceTitle "Verband Muensterland"]
[SourceDate "2025.09.21"]
[SourceVersion "1"]
[SourceVersionDate "2025.09.21"]
[SourceQuality "1"]
[WhiteTeam "Borken"]
[BlackTeam "Raesfeld Erle II"]
[WhiteTeamCountry "GER"]
[BlackTeamCountry "GER"]

1. e4 c6 2. d4 d5 3. exd5 cxd5 4. c4 dxc4 5. Bxc4 Nf6 6. Nc3 e6 7. Nf3 Be7 8. O-O O-O 9. Re1 a6 10. d5 exd5 11. Nxd5 Nxd5 12. Bxd5 Bf6 13. Qb3 Nc6 14. Bxc6 bxc6 15. Bf4 Be6 16. Qc2 Bd5 17. Rad1 Qb6 18. b3 Bxf3 19. gxf3 Rfd8 20. Rc1 Rac8 21. Qc4 h6 22. Re2 Rd4 0-1

[Event "Muensterland Regionalliga 2526"]
[Site "Germany"]
[Date "2026.01.10"]
[Round "5"]
[Board "1"]
[White "Koch, Alexander"]
[Black "Rieke, Theo"]
[Result "1-0"]
[WhiteElo "2006"]
[BlackElo "1955"]
[WhiteFideId "-1"]
[BlackFideId "-1"]
[PlyCount "39"]
[GameId "2269795017234316"]
[EventDate "2025.??.??"]
[EventType "team-tourn"]
[EventRounds "9"]
[EventCountry "GER"]
[SourceTitle "Verband Muensterland"]
[SourceDate "2025.09.21"]
[SourceVersion "1"]
[SourceVersionDate "2025.09.21"]
[SourceQuality "1"]
[WhiteTeam "Metelen"]
[BlackTeam "Steinfurt"]
[WhiteTeamCountry "GER"]
[BlackTeamCountry "GER"]

1. e4 e5 2. Nf3 Nc6 3. Bc4 Nf6 4. d3 Bc5 5. Nc3 d6 6. h3 h6 7. Be3 Bxe3 8. fxe3 Be6 9. Bxe6 fxe6 10. O-O O-O 11. Qe2 Qe7 12. d4 exd4 13. exd4 Nh5 14. Qb5 Ng3 15. Rf2 Qf6 16. Rd1 Qf4 17. Qxb7 Ne7 18. Qxc7 Ng6 19. Qc4 Rab8 20. Ne2 1-0

[Event "Muensterland Regionalliga 2526"]
[Site "Germany"]
[Date "2026.01.10"]
[Round "5"]
[Board "2"]
[White "Arning, Marcus"]
[Black "Wigger, Frank"]
[Result "1/2-1/2"]
[WhiteElo "1921"]
[BlackElo "1911"]
[WhiteFideId "-1"]
[BlackFideId "-1"]
[PlyCount "95"]
[GameId "2269795017234302"]
[EventDate "2025.??.??"]
[EventType "team-tourn"]
[EventRounds "9"]
[EventCountry "GER"]
[SourceTitle "Verband Muensterland"]
[SourceDate "2025.09.21"]
[SourceVersion "1"]
[SourceVersionDate "2025.09.21"]
[SourceQuality "1"]
[WhiteTeam "Steinfurt"]
[BlackTeam "Metelen"]
[WhiteTeamCountry "GER"]
[BlackTeamCountry "GER"]

1. d4 Nf6 2. Nc3 d5 3. Bf4 g6 4. Nb5 Na6 5. e3 c6 6. Nc3 Nc7 7. Be2 Bg7 8. h4 h5 9. Nf3 Bg4 10. Ne5 Bxe2 11. Qxe2 Ne6 12. Bg3 Qb6 13. O-O-O a5 14. f3 a4 15. a3 O-O 16. Bf2 Qc7 17. g4 b5 18. gxh5 Nxh5 19. Nd3 Qb7 20. Nb4 Nc7 21. Rhg1 Na6 22. Nxa6 Rxa6 23. Na2 Rc8 24. Nb4 Rb6 25. Kb1 e6 26. c3 Qd7 27. Nd3 Rbb8 28. Bg3 Ra8 29. Be5 Qe7 30. Qh2 Kh7 31. Bxg7 Nxg7 32. Rg5 Rh8 33. Rdg1 Qf6 34. Nf4 Kg8 35. Ka2 Rh6 36. Qg2 Kh7 37. Rh1 Nh5 38. Nxh5 Rxh5 39. Qg4 Qxg5 40. Qxg5 Rxg5 41. hxg5+ Kg7 42. Kb1 Rc8 43. Kc2 c5 44. Kd3 cxd4 45. cxd4 Rc4 46. b3 axb3 47. Rb1 b4 48. Rxb3 1/2-1/2

[Event "Muensterland Regionalliga 2526"]
[Site "Germany"]
[Date "2026.01.10"]
[Round "5"]
[Board "3"]
[White "Denkler, Juergen"]
[Black "Stoeckmann, Helmut"]
[Result "1/2-1/2"]
[WhiteElo "1784"]
[BlackElo "1855"]
[WhiteFideId "-1"]
[BlackFideId "-1"]
[PlyCount "81"]
[GameId "2269795017234314"]
[EventDate "2025.??.??"]
[EventType "team-tourn"]
[EventRounds "9"]
[EventCountry "GER"]
[SourceTitle "Verband Muensterland"]
[SourceDate "2025.09.21"]
[SourceVersion "1"]
[SourceVersionDate "2025.09.21"]
[SourceQuality "1"]
[WhiteTeam "Metelen"]
[BlackTeam "Steinfurt"]
[WhiteTeamCountry "GER"]
[BlackTeamCountry "GER"]

1. d4 Nf6 2. c4 e6 3. Nf3 Bb4+ 4. Bd2 a5 5. a3 Bxd2+ 6. Nbxd2 d6 7. e3 O-O 8. Be2 Qe7 9. O-O e5 10. d5 a4 11. e4 Nbd7 12. Ne1 Nc5 13. f3 Nfd7 14. Nd3 g6 15. b4 axb3 16. Nxb3 Nxb3 17. Qxb3 f5 18. Qc3 Nf6 19. Nf2 b6 20. a4 Ra5 21. Bd1 Bd7 22. Bc2 fxe4 23. Nxe4 Nxe4 24. fxe4 Rfa8 25. Rfc1 Bxa4 26. Bxa4 Rxa4 27. Rxa4 Rxa4 28. Qb3 Ra8 29. Rf1 Re8 30. Qa4 Rf8 31. Rxf8+ Kxf8 32. Qc6 Kg7 33. g3 Kh6 34. Kg2 g5 35. Qa8 Qf7 36. Qc8 Kg6 37. Kg1 h5 38. h3 Kg7 39. Kg2 Kh7 40. Kg1 h4 41. g4 1/2-1/2

[Event "Muensterland Regionalliga 2526"]
[Site "Germany"]
[Date "2026.01.10"]
[Round "5"]
[Board "4"]
[White "Bahceci, Caner"]
[Black "Morrien, Rolf"]
[Result "1-0"]
[WhiteElo "1831"]
[BlackElo "1715"]
[WhiteFideId "-1"]
[BlackFideId "-1"]
[PlyCount "27"]
[GameId "2269795017234312"]
[EventDate "2025.??.??"]
[EventType "team-tourn"]
[EventRounds "9"]
[EventCountry "GER"]
[SourceTitle "Verband Muensterland"]
[SourceDate "2025.09.21"]
[SourceVersion "1"]
[SourceVersionDate "2025.09.21"]
[SourceQuality "1"]
[WhiteTeam "Steinfurt"]
[BlackTeam "Metelen"]
[WhiteTeamCountry "GER"]
[BlackTeamCountry "GER"]

1. e4 d5 2. d4 c6 3. e5 Bf5 4. h4 h5 5. Bd3 Bxd3 6. Qxd3 e6 7. Bg5 Be7 8. Nf3 Nd7 9. Nc3 Nf8 10. Ne2 Nh7 11. Nf4 Bxg5 12. hxg5 Nxg5 13. Nxh5 Kf8 14. Qa3+ 1-0

[Event "Muensterland Regionalliga 2526"]
[Site "Germany"]
[Date "2026.01.10"]
[Round "5"]
[Board "5"]
[White "Bueckers, Bernhard"]
[Black "Plotz, Noah"]
[Result "0-1"]
[WhiteElo "1698"]
[BlackElo "1861"]
[WhiteFideId "-1"]
[BlackFideId "-1"]
[PlyCount "66"]
[GameId "2269795017234310"]
[EventDate "2025.??.??"]
[EventType "team-tourn"]
[EventRounds "9"]
[EventCountry "GER"]
[SourceTitle "Verband Muensterland"]
[SourceDate "2025.09.21"]
[SourceVersion "1"]
[SourceVersionDate "2025.09.21"]
[SourceQuality "1"]
[WhiteTeam "Metelen"]
[BlackTeam "Steinfurt"]
[WhiteTeamCountry "GER"]
[BlackTeamCountry "GER"]

1. c4 e5 2. g3 Nf6 3. Bg2 c6 4. d4 d6 5. Nc3 Be7 6. dxe5 dxe5 7. Qxd8+ Bxd8 8. Nf3 Nfd7 9. O-O O-O 10. b3 Be7 11. Bb2 f6 12. Rad1 Na6 13. Ne4 Ndc5 14. Nxc5 Nxc5 15. Ba3 Re8 16. Bb2 Bf5 17. Nh4 Be6 18. e4 Red8 19. Nf5 Bf8 20. Ne3 a5 21. Rxd8 Rxd8 22. Rd1 Rxd1+ 23. Nxd1 Nd3 24. Bf1 Nb4 25. Nc3 Bc5 26. a4 Bg4 27. Be2 Bxe2 28. Nxe2 Nd3 29. Bc3 b6 30. Kg2 Nxf2 31. Kf3 Nd3 32. h3 Ba3 33. Ke3 Nc5 0-1